[Event "Maresme op 16th"]
[Site "Maresme"]
[Date "2019.11.23"]
[Round "7"]
[White "Navarro Palomas, Mario"]
[Black "Palau Pons, Luis"]
[Result "1/2-1/2"]
[WhiteElo "1811"]
[BlackElo "1949"]
[PlyCount "125"]
[EventDate "2019.09.29"]
[EventType "swiss"]
[EventRounds "8"]
[EventCountry "ESP"]
[SourceTitle "CBM 193 Extra"]
[Source "ChessBase"]
[SourceDate "2020.01.31"]
[SourceVersion "1"]
[SourceVersionDate "2020.01.31"]
[SourceQuality "1"]

1. e4 c6 2. d4 d5 3. exd5 cxd5 4. c4 Nf6 5. Nc3 e6 6. Nf3 Be7 7. cxd5 Nxd5 8. Bc4 0-0 9. 0-0 Nc6 10. Re1 Bf6 11. Ne4 Be7 12. a3 b6 13. Nc3 Nxc3 14. bxc3 Na5 15. Bd3 Bb7 16. Bd2 Rc8 17. Ne5 g6 18. Bh6 Re8 19. Bb5 Qd5 20. Qf3 Qxe5 21. Rxe5 Bxf3 22. Bxe8 Bb7 23. Bb5 Bd6 24. Ree1 Bd5 25. a4 f6 26. Bd7 Rd8 27. Bxe6+ Bxe6 28. Rxe6 Kf7 29. d5 Nc4 30. h4 Be5 31. Rc6 Na5 32. Re6 Rxd5 33. Rxe5 fxe5 34. Kf1 Nc4 35. Ke2 Ke6 36. Rb1 Nd6 37. Rb4 Nf5 38. Bd2 Rd6 39. g3 Rc6 40. Kf3 Nd6 41. h5 Nc4 42. Ke2 gxh5 43. Rb1 Rd6 44. Be3 Rc6 45. Bd2 Rc5 46. Rh1 Nxd2 47. Kxd2 Ra5 48. Rxh5 Rxa4 49. Rxh7 Kd5 50. f3 a5 51. g4 b5 52. g5 Ra2+ 53. Kd3 Rg2 54. Ra7 a4 55. Ra5 Kc6 56. c4 bxc4+ 57. Kxc4 Rxg5 58. Ra6+ Kb7 59. Rxa4 Rg3 60. Ra3 Kc6 61. Ra6+ Kd7 62. Rf6 Ke7 63. Rf5 1/2-1/2

[Event "Mem Vinas 15th A"]
[Site "Mataro"]
[Date "2019.05.18"]
[Round "3.9"]
[White "Salvans Serra, Arnau"]
[Black "Navarro Palomas, Mario"]
[Result "0-1"]
[WhiteElo "1853"]
[BlackElo "1726"]
[PlyCount "82"]
[EventDate "2019.05.04"]
[EventType "swiss"]
[EventRounds "8"]
[EventCountry "ESP"]
[SourceTitle "EXT 2024"]
[Source "ChessBase"]
[SourceDate "2023.10.10"]
[SourceVersion "1"]
[SourceVersionDate "2023.10.10"]
[SourceQuality "1"]

1. Nf3 Nf6 2. b3 d5 3. Bb2 c5 4. e3 Nc6 5. Bb5 Bg4 6. h3 Bh5 7. d3 Qa5+ 8. Nc3 d4 9. exd4 cxd4 10. Bxc6+ bxc6 11. Qd2 dxc3 12. Bxc3 Qd5 13. Qe3 Bxf3 14. gxf3 e6 15. Rg1 Qd8 16. Bb2 g6 17. f4 Bg7 18. Qf3 0-0 19. c4 Qa5+ 20. Ke2 Qh5 21. d4 Rfd8 22. Rad1 Rd7 23. Rg5 Qxf3+ 24. Kxf3 Ne8 25. Rc5 Rc8 26. f5 exf5 27. Ba1 Nd6 28. d5 Ne4 29. Ra5 Bxa1 30. Rxa1 cxd5 31. Rxd5 Rxd5 32. cxd5 Rc2 33. Ke3 Rxf2 34. Rd1 Kf8 35. d6 Ke8 36. Rc1 Rxa2 37. Rc8+ Kd7 38. Rc7+ Kxd6 39. Rxf7 Ra3 40. Rxh7 Rxb3+ 41. Kf4 Rf3+ 0-1

[Event "Maresme op 15th"]
[Site "Maresme"]
[Date "2018.12.01"]
[Round "9"]
[White "Navarro Palomas, Mario"]
[Black "Aparicio Escudero, Hector F"]
[Result "1-0"]
[WhiteElo "1476"]
[BlackElo "1730"]
[PlyCount "45"]
[EventDate "2018.09.29"]
[EventType "swiss"]
[EventRounds "9"]
[EventCountry "ESP"]
[SourceTitle "EXT 2024"]
[Source "ChessBase"]
[SourceDate "2023.10.10"]
[SourceVersion "1"]
[SourceVersionDate "2023.10.10"]
[SourceQuality "1"]

1. e4 Nc6 2. d4 e5 3. Nf3 exd4 4. Nxd4 Bc5 5. Nb3 Be7 6. Nc3 Nf6 7. Be3 0-0 8. Qd2 d6 9. f3 Be6 10. g4 Ne5 11. Qg2 c5 12. Rg1 a6 13. f4 Nc4 14. Bxc4 Bxc4 15. 0-0-0 Qc7 16. g5 Ne8 17. f5 f6 18. Nd2 Bf7 19. g6 hxg6 20. fxg6 Be6 21. Nd5 Bxd5 22. Qh3 Bxe4 23. Qh7# 1-0